| 000 | 00969nam a2200337 a 4500 | ||
|---|---|---|---|
| 001 | vtls000085894 | ||
| 003 | NLI | ||
| 005 | 20210601195023.0 | ||
| 008 | 101125s1932 enk 001 0 eng | ||
| 020 | _cRs. 30.00 | ||
| 039 | 9 |
_y201011250929 _zVLOAD |
|
| 040 | 0 |
_aNLI _beng _cEntertech-2003 _eAACR2 |
|
| 041 | 0 | _aeng | |
| 044 | _aenk | ||
| 082 | 0 | 4 | _a181.4 |
| 100 | 1 |
_aHiriyanna, M. _q(Mysore), _d1871-1950 _9188700 |
|
| 245 | 1 | 0 |
_aOutlines of Indian philosophy / _cby M. Hiriyanna |
| 260 |
_aLondon : _bGeorge Allen & Unwin, _c1932 |
||
| 300 |
_a419 p. ; _c22 cm. |
||
| 500 | _aIncludes index | ||
| 500 | _aLibrary has 2 cops. | ||
| 650 | 0 | _aPhilosophy, Hindu | |
| 651 | 0 |
_aIndia _xReligion _92394 |
|
| 887 | _a | ||
| 901 |
_aG3962 _b28.08.1962 |
||
| 901 |
_aG19970 _b16.11.1970 _9c2 |
||
| 902 | _aE181.4 H614 | ||
| 949 |
_AVIRTUAITEM _D10000 _X100 _6GXX000003962ENG |
||
| 942 |
_2ddc _cBKS |
||
| 949 |
_AVIRTUAITEM _D10000 _X100 _6GXX000019970ENG |
||
| 999 |
_aVIRTUA00 _c89757 _d89757 |
||